La prueba civil
Salvato in:
| Autore principale: | |
|---|---|
| Natura: | Libro |
| Lingua: | spagnolo |
| Pubblicazione: |
Buenos Aires
Arayú
1955
|
| Soggetti: | |
| Tags: |
Aggiungi Tag
Nessun Tag, puoi essere il primo ad aggiungerne!!
|
MARC
| LEADER | 00000nam a2200000 a 4500 | ||
|---|---|---|---|
| 001 | UCS0745 | ||
| 003 | CL-VaPUC | ||
| 008 | 970426e19550000AG |||||||||||||||||spa|d | ||
| 082 | 0 | 4 | |a 345.06 |b CAR |2 21 |
| 100 | 0 | |a Carnelutti, Francesco |e author |9 384590 | |
| 245 | 1 | 3 | |a La prueba civil |
| 300 | |a 273 p | ||
| 942 | |c BK | ||
| 945 | |d 19970426 00:00:00 |a lriquelm | ||
| 260 | |a Buenos Aires |b Arayú |c 1955 | ||
| 650 | 7 | |a PRUEBA CIVIL |2 CL-VaPUC |9 254855 | |
| 650 | 0 | |a Procedimiento civil |9 254870 | |
| 583 | |a last modification |c 20140410 10:57:05 |k Rodrigo Vera | ||
| 999 | |c 258960 |d 258958 | ||
| 952 | |0 0 |1 0 |4 0 |6 345_060000000000000_CAR_1955 |7 0 |8 A |9 283407 |a BIBDER |b BIBDER |d 2019-11-19 |i 4663365 |o 345.06 CAR 1955 |p 4663365 |r 2023-01-25 |w 2019-11-19 |y BK |k DER | ||